000 00236nam a2200097Ia 4500
001 670648
005 20250826160811.0
008 250824s9999 xx 000 0 und d
245 0 _aKüçük Dev Muncle Trogg
_cJanet Foxley
260 _bALTIN
999 _c670648
_d670648